000 00947nam a2200337Ia 4500
008 160803s9999 xx 000 0 und d
020 _a978-0439691468
100 _aStilton, Geronimo
245 _aField trip to Niagara Falls /
245 _c[text by Geronimo Stilton].
260 _aNew York :
260 _bScholastic Inc.
260 _c2005
300 _a110 pages :
300 _bcolor illustrations, color maps ;
300 _c20 cm.
440 _aGeronimo Stilton ;
440 _vbk. 24
500 _aTranslated from the Italian.
650 _aMice -- `
650 _aNiagara Falls (N.Y. and Ont.) --
650 _aSchool field trips --
650 _aStilton, Geronimo --
650 _aStilton, Geronimo (Fictitious character) --
650 _xFiction.
650 _xJuvenile fiction.
650 _xJuvenile fiction.
650 _xJuvenile fiction.
650 _xJuvenile fiction.
700 _a580
999 _c298232
_d298232